Song Titles: Missing Body Parts - Statistics

General Stats
  • This quiz has been taken 201 times
    186 since last reset
  • The average score is 10 of 25
Answer Stats
Artist Song Title % Correct
Beatles I Want To Hold Your {Hand}
94%
Thin Lizzy The Boys Are {Back} In Town
89%
Fred Astaire "Dancing '{Cheek} To 'Cheek'
88%
Paul Anka Put Your Head On My {Shoulder}
86%
Kylie Minogue Can't Get You Out Of My {Head}
82%
Neil Young Only Love Can Break Your {Heart}
81%
Shakira (ft Wyclef Jean) {Hips} Don't Lie
75%
Pogues A Pair Of Brown {Eyes}
64%
Rolling Stones Under My {Thumb}
61%
Wedding Present Nobody's Twisting Your {Arm}
49%
Johnny Cash Five {Feet} High and Rising
33%
Pavement Cut My {Hair}
30%
Stranglers {Skin} Deep
28%
Echo and the Bunnymen {Lips} Like Sugar
25%
James Brown Get On The Good {Foot}
15%
Lynsey De Paul & Mike Moran Rock {Bottom}
13%
Gene Vincent Crazy {Legs}
12%
Spandau Ballet {Muscle} Bound
9%
Dickie Valentine The {Finger} Of Suspicion
9%
Tommy Steele What A {Mouth}
5%
The Smiths Death At One's {Elbow}
4%
Grace Jones {Nipple} To The Bottle
4%
Monty Python {Penis} Song (Not The Noel Coward Song)
4%
Wire {Eardrum} Buzz
3%
Duffo Give Me Back Me {Brain}
3%
No matching quizzes found
Score Distribution
Percent of People with Each Score
Percentile by Number Answered
Your Score History
You have not taken this quiz since the last reset